<?xml version="1.0" encoding="UTF-8"?>
<record
    xmlns:xsi="http://www.w3.org/2001/XMLSchema-instance"
    xsi:schemaLocation="http://www.loc.gov/MARC21/slim http://www.loc.gov/standards/marcxml/schema/MARC21slim.xsd"
    xmlns="http://www.loc.gov/MARC21/slim">

  <leader>01037nam a2200217 a 4500</leader>
  <controlfield tag="001">BRCA_8953</controlfield>
  <controlfield tag="005">20190320210454.0</controlfield>
  <controlfield tag="008">050717s1777----sp-#######---#000-0#spa-#</controlfield>
  <datafield tag="041" ind1=" " ind2=" ">
    <subfield code="a">spa</subfield>
  </datafield>
  <datafield tag="044" ind1=" " ind2=" ">
    <subfield code="a">sp</subfield>
  </datafield>
  <datafield tag="084" ind1=" " ind2=" ">
    <subfield code="a">BE28</subfield>
    <subfield code="b">.F49 1777</subfield>
  </datafield>
  <datafield tag="100" ind1="1" ind2=" ">
    <subfield code="a">Feyjo&#xF3; y Montenegro, Benito Geronymo</subfield>
    <subfield code="d">1676 - 1764</subfield>
    <subfield code="9">21713</subfield>
  </datafield>
  <datafield tag="245" ind1="1" ind2="0">
    <subfield code="a">Cartas eruditas, y curiosas, en que, por la mayor parte, se continua el designio del theatro critico universal, Impugnando, &#xF3; reduciendo &#xE1; dudosas, varias opiniones comunes</subfield>
    <subfield code="c">escritas por el muy ilustre se&#xF1;or D. Fr. Benito Geronymo Feyjo&#xF3; y Montenegro, Maestro General del Orden de San Benito, el Consejo del S.M.Ec.</subfield>
  </datafield>
  <datafield tag="260" ind1=" " ind2=" ">
    <subfield code="a">Madrid</subfield>
    <subfield code="b">en la imprenta Real de la Gazeta</subfield>
    <subfield code="c">1777</subfield>
  </datafield>
  <datafield tag="300" ind1=" " ind2=" ">
    <subfield code="a">14, 454 p. (t.5)</subfield>
    <subfield code="c">21.6 x 15 cm</subfield>
  </datafield>
  <datafield tag="500" ind1=" " ind2=" ">
    <subfield code="a">En portada: Nueva impresi&#xF3;n</subfield>
  </datafield>
  <datafield tag="500" ind1=" " ind2=" ">
    <subfield code="a">Estado f&#xED;sico: presenta encuadernaci&#xF3;n en pergamino con cantos decorados y algunas hojas manchandas</subfield>
  </datafield>
  <datafield tag="650" ind1="1" ind2="4">
    <subfield code="a">Drama espa&#xF1;ol</subfield>
    <subfield code="x">Historia y critica</subfield>
    <subfield code="y">Obras anteriores a 1800</subfield>
    <subfield code="9">21714</subfield>
  </datafield>
  <datafield tag="902" ind1=" " ind2=" ">
    <subfield code="a">CFM</subfield>
  </datafield>
  <datafield tag="942" ind1=" " ind2=" ">
    <subfield code="2">lcc</subfield>
    <subfield code="c">B</subfield>
  </datafield>
  <datafield tag="999" ind1=" " ind2=" ">
    <subfield code="c">8604</subfield>
    <subfield code="d">8604</subfield>
  </datafield>
  <datafield tag="952" ind1=" " ind2=" ">
    <subfield code="0">0</subfield>
    <subfield code="1">0</subfield>
    <subfield code="4">0</subfield>
    <subfield code="7">0</subfield>
    <subfield code="a">BRCA</subfield>
    <subfield code="b">BRCA</subfield>
    <subfield code="d">2017-07-05</subfield>
    <subfield code="l">0</subfield>
    <subfield code="o">BE28 .F49 1777</subfield>
    <subfield code="p">CFM00363</subfield>
    <subfield code="r">2019-03-22 00:00:00</subfield>
    <subfield code="w">2019-03-22</subfield>
    <subfield code="y">B</subfield>
  </datafield>
</record>
